000 00337nam a2200145Ia 4500
008 150201s2012 xx 000 0 und d
082 _a616.96
_bM12B
100 _aBAVEJA, CP
245 _aMEDICAL PARASITOLOGY
250 _a2ND
260 _bARYA PUB.
_aDELHI
_c2012
300 _a1-222
650 _aMICROBIOLOGY
942 _2ddc
_cBK
_049
999 _c1384
_d1384